Fleet Foxes Songs by Antonyms - Statistics

General Stats
  • This quiz has been taken 11 times
  • The average score is 9 of 20
Answer Stats
Hint Answer % Correct
My Attacker Your Protector
89%
27th of November Third of May / Ōdaigahara
78%
A Short Way Before the Future A Long Way Past the Past
67%
Lion Valley Billionaire Din Tiger Mountain Peasant Song
67%
Orange Depression Crevasses Blue Ridge Mountains
56%
Spanish Office English House
56%
Heavy Featherweight
56%
For a Millennium or 20000000.3141592653 For a Week or Two
56%
Retreating-from-the-moon Circumbendibus Going-to-the-sun Road
56%
Nobody I'd Spurn Someone You'd Admire
56%
Moonseeing Sunblind
56%
Young Land Grown Ocean
44%
You are None That You Want I Am All That I Need / Arroyo Seco / Thumbprint Scar
44%
Loud Ground Quiet Air / Giola
44%
Climbs in the Effluent Drops in the River
22%
Ability Reds Helplessness Blues
22%
Mortal Bird Phoenix
22%
Small Green Human Work Big Red Machine
0%
Acanthors, ********* - Naiads, Cassidies
0%
Reality Small Hovel Man Sim Sala Bim
0%
No matching quizzes found
Score Distribution
Percent of People with Each Score
Percentile by Number Answered
Your Score History
You have not taken this quiz